{"text_format":"3","workbook":"xlsx","n_sheets":7,"sheets":["招标控制价","单项工程造价汇总表","单位工程造价汇总表","总价措施项目清单与计价表","单价措施项目清单与计价表","单价措施项目清单综合单价分析表","人工、材料设备、机械汇总表"],"read":"part_unreadable","date_system":"1900"}

{"sheet":"招标控制价","index":0,"n_rows":0,"n_cols":0,"rows_kept":0,"read":"part_unreadable","flags":["styles_unread"]}

{"sheet":"单项工程造价汇总表","index":1,"n_rows":7,"n_cols":5,"rows_kept":7,"merged":[[1,0,1,4],[2,0,2,4],[3,0,3,3],[4,2,4,3],[5,2,5,3],[6,0,6,1],[6,2,6,3]],"flags":["styles_unread"]}
["","","","",""]
["单项工程造价汇总表"]
[""]
["工程名称：宁德职业技术学院新校区围墙建设工程  单项工程",{"$nulls":3},"第1页 共1页"]
["序号","单位工程名称","金额(元)",null," 其中:\n安全文明施工费(元)"]
["1","房屋建筑与装饰工程",133948,null,638]
["合        计",null,133948,null,638]

{"sheet":"单位工程造价汇总表","index":2,"n_rows":16,"n_cols":3,"rows_kept":16,"merged":[[0,0,0,2],[1,0,1,2],[2,0,2,1],[15,0,15,1]],"flags":["styles_unread"]}
["单位工程造价汇总表"]
[""]
["工程名称：宁德职业技术学院新校区围墙建设工程  房屋建筑与装饰工程",null,"第1页 共1页"]
["序号","汇 总 内 容","金 额(元)"]
["1","分部分项工程费"]
["1.1","市政道路围栏"]
["2","措施项目费",133948]
["2.1","总价措施项目费",1103]
["2.1.1","安全文明施工费",638]
["2.1.2","其他总价措施费",465]
["2.2","单价措施项目费",132845]
["3","其他项目费"]
["3.1","暂列金额"]
["3.2","专业工程暂估价"]
["3.3","总承包服务费"]
["合计=1+2+3",null,133948]

{"sheet":"总价措施项目清单与计价表","index":3,"n_rows":7,"n_cols":5,"rows_kept":7,"merged":[[0,0,0,4],[1,0,1,4],[2,0,2,3],[6,0,6,3]],"flags":["styles_unread"]}
["总价措施项目清单与计价表"]
[""]
["工程名称：宁德职业技术学院新校区围墙建设工程",{"$nulls":3},"第1页 共1页"]
["序号","项 目 名 称","计 算 基 础\n(元)","费    率(%)","金    额(元)"]
["1","安全文明施工费",132845,0.48,638]
["2","其他总价措施费",132845,0.35,465]
["合    计",{"$nulls":3},1103]

{"sheet":"单价措施项目清单与计价表","index":4,"n_rows":10,"n_cols":11,"rows_kept":10,"merged":[[0,0,0,9],[1,0,1,9],[2,0,2,7],[2,8,2,9],[3,0,4,1],[3,2,4,2],[3,3,4,3],[3,4,4,4],[3,5,4,5],[3,6,4,6],[3,7,3,9],[4,7,4,8],[5,0,5,9],[6,0,6,9],[7,0,7,9],[8,0,8,1],[8,7,8,8],[9,0,9,8]],"flags":["styles_unread"]}
["单价措施项目清单与计价表",{"$nulls":9},""]
["",{"$nulls":9},""]
["工程名称：宁德职业技术学院新校区围墙建设工程",{"$nulls":7},"第1页 共1页",null,""]
["序号",null,"项目编码","项目名称","项目特征描述","计量单位","工程量","金    额(元)",null,null,""]
[{"$nulls":7},"综合单价",null,"合价",""]
["单项工程",{"$nulls":9},"单项工程"]
["房屋建筑与装饰工程",{"$nulls":9},"单位工程"]
["市政道路围栏",{"$nulls":9},"分项工程"]
["1",null,"041111002001","固定式夹芯压型钢板围挡","(1)高2.05m\n(2)蓝色彩钢板（单板）","m",1020,130.24,null,132844.8,""]
["合       计",{"$nulls":8},132844.8,""]

{"sheet":"单价措施项目清单综合单价分析表","index":5,"n_rows":10,"n_cols":15,"rows_kept":10,"merged":[[0,0,0,13],[1,0,1,13],[2,0,2,11],[2,12,2,13],[3,0,4,0],[3,1,4,1],[3,2,4,2],[3,3,4,3],[3,4,4,4],[3,5,3,12],[3,13,4,13],[4,11,4,12],[5,0,5,13],[6,0,6,13],[7,0,7,13],[8,11,8,12],[9,11,9,12]],"flags":["styles_unread"]}
["单价措施项目清单综合单价分析表",{"$nulls":13},""]
["",{"$nulls":13},""]
["工程名称：宁德职业技术学院新校区围墙建设工程",{"$nulls":11},"第1页 共1页",null,""]
["序号","项目编码","项目名称及特征描述","单位","工程量","综合单价组成(元)",{"$nulls":7},"综合单价\n(元)",""]
[{"$nulls":5},"人工费","材料费","施工机具使用费","企业管理费","利润","规费","税金",null,null,""]
["单项工程",{"$nulls":13},"单项工程"]
["房屋建筑与装饰工程",{"$nulls":13},"单位工程"]
["市政道路围栏",{"$nulls":13},"分项工程"]
["1","041111002001","固定式夹芯压型钢板围挡\n(1)高2.05m\n(2)蓝色彩钢板（单板）","m",1020,26.6,78.95,null,7.18,6.76,null,10.75,null,130.24,""]
["1.1","40107040T","施工现场围挡(彩钢板施工围挡 封闭式）","m",1020,26.6,78.95,null,7.18,6.76,null,10.75,null,130.24,""]

{"sheet":"人工、材料设备、机械汇总表","index":6,"n_rows":13,"n_cols":8,"rows_kept":13,"merged":[[0,0,0,7],[1,0,1,7],[2,0,2,5],[2,6,2,7]],"flags":["styles_unread"]}
["人工、材料设备、机械汇总表"]
[""]
["工程名称：宁德职业技术学院新校区围墙建设工程",{"$nulls":5},"第1页 共1页"]
["序号","工料机编码","工料机名称","规格、型号等特殊要求","单位","数量","单价","合价"]
["一","","人工","","","","",""]
["1","00010040","定额人工费","","元","","","27136.3656"]
["二","","材料","","","","",""]
["1","01000030","型钢","综合","kg",9792,3.717,36396.86]
["2","01090210","圆钢","Φ10以外","㎏",918,3.628,3330.5]
["3","01292030","单层彩钢板","820型","m2",1173,34.51,40480.23]
["4","34110080","水","","m3",102,3.16,322.32]
["三","","设备","","","","",""]
["四","","施工机具","","","","",""]